01012nam a2200313 i 4500001000300000003000400003005001700007008004100024015001800065020001500083040001400098041001300112080001200125080000900137100002800146245013200174246004200306260003200348300002100380504001200401655001700413650002300430650001500453700002800468700003300496710002800529700004300557856009800600bgBPK20220316151612.0981002s1998 pl f |001 0 pol d aPB 1998/12585 a8371581106 aWA NcBPK1 apolheng a004.451 a(07)1 aIvens, Kathyd(1941- ).00aWindows 98 :bpodręcznik użytkownika /cKathy Ivens ; przekł. z ang. Anna Zawadzka, Urszula Kręglewska, Krzysztof Sacha.1 iTyt. oryg.:aUsing Windows 98,f1998. aWarszawa :b"Mikom",c1998. a519 s. ;c24 cm. aIndeks. 4aPodręcznik 4aSystemy operacyjne 4aWindows 981 aSacha, Krzysztof.eTł.1 aKręglewska, Urszula.eTł.2 aWydawnictwo Mikom4pbl.1 aZawadzka, Annad(1968- )eTłumaczenie uhttp://koha.tu.koszalin.pl/cgi-bin/koha/opac-detail.pl?biblionumber=33418yKatalog online BPK